NFL TEAM QUIZ - Statistics

General Stats
  • This quiz has been taken 25 times
  • The average score is 12 of 15
Answer Stats
Hint Answer % Correct
Has a bird in their name. Philadelphia Eagles / Baltimore Ravens / Atlanta Falcons / Arizona Cardinals / Seattle Seahawks
100%
5+ Super Bowl wins. Dallas Cowboys / San Francisco 49ers / Pittsburgh Steelers / New England Patriots
95%
2000 yard rusher for a season. Buffalo Bills / Los Angeles Rams / Detroit Lions / Denver Broncos / Baltimore Ravens / Tennessee Titans / Minnesota Vikings / Philadelphia Eagles
91%
Current team that existed before 1925. Green Bay Packers / Chicago Bears
91%
Created after 1990. Houston Texans / Baltimore Ravens / Jacksonville Jaguars / Carolina Panthers
91%
5000 yard passer for a season. Miami Dolphins / New Orleans Saints / New England Patriots / Detroit Lions / Denver Broncos / Pittsburgh Steelers / Kansas City Chiefs / Tampa Bay Buccaneers / Los Angeles Chargers
91%
That has relocated since 1960. Arizona Cardinals / Los Angeles Rams / Indianapolis Colts / Tennessee Titans / Las Vegas Raiders / Los Angeles Chargers
77%
Team with QB who had 1000 yard rushing season. Atlanta Falcons / Baltimore Ravens / Chicago Bears
77%
Who have never made it to a Super Bowl. Cleveland Browns / Detroit Lions / Houston Texans / Jacksonville Jaguars
77%
Had a player of 10,000+ rushing yards that only played for them. New York Giants / Cleveland Browns / Detroit Lions / Chicago Bears
73%
Had a NON-QB win MVP since 2000. Los Angeles Rams / Seattle Seahawks / Los Angeles Chargers / Minnesota Vikings
64%
Located furthest South on map. Miami Dolphins
64%
Team with a defensive player who won MVP. New York Giants / Minnesota Vikings
64%
Located furthest North on map. Seattle Seahawks
64%
Who has never had a #1 overall pick in the draft. Seattle Seahawks / Denver Broncos
41%
No matching quizzes found
Score Distribution
Percent of People with Each Score
Percentile by Number Answered
Your Score History
You have not taken this quiz